Mujeres anatomía y musculación: para el entrenamiento de la fuerza y la condición física

Збережено в:
Бібліографічні деталі
Автор: Vella, Mark (Автор)
Формат: Книга
Мова:Іспанська
Опубліковано: Barcelona Paidotribo 2008
Редагування:1a. ed
Предмети:
Теги: Додати тег
Немає тегів, Будьте першим, хто поставить тег для цього запису!

MARC

LEADER 00000nam a2200000 a 4500
001 UCG3424
003 CL-VaPUC
008 100826e20080000SP |||||||||||||||||spa|d
020 |a 9788480199926 
082 0 4 |a 613.71  |b VEL  |2 21 
100 0 |a Vella, Mark  |e author  |9 552564 
245 1 0 |a Mujeres anatomía y musculación: para el entrenamiento de la fuerza y la condición física 
250 |a 1a. ed 
300 |a 144 p 
942 |c BK 
945 |d 20100826 00:00:00  |a mfarfan 
260 |a Barcelona  |b Paidotribo  |c 2008 
650 7 |a MUSCULACION  |2 CL-VaPUC  |9 552260 
650 0 |a Músculos  |9 269552 
650 0 |a Actividad física  |9 362156 
650 7 |a ENTRENAMIENTO FISICO  |2 CL-VaPUC  |9 307393 
650 0 |a Fuerza  |9 345825 
583 |a last modification  |c 20100826 00:00:00  |k Rodrigo Vera 
999 |c 342492  |d 342490 
952 |0 0  |1 0  |4 0  |6 613_710000000000000_VEL_2008  |7 0  |8 C  |9 438704  |a BIBCUR  |b BIBCUR  |d 2019-11-22  |i 4712978  |o 613.71 VEL 2008  |p 4712978  |r 2025-04-22  |w 2019-11-22  |y BK  |k DEN